000 00332nam a22001217a 4500
999 _c15308
_d15308
020 _a8172334559
082 _a631.5861
_bRAO/CH
100 _aRAO, SRINIVAS C.
_92954
245 _aChallenges and strategies for dryland agriculture
260 _aJodhpur, India
_bScientific Publishers
_c2007
700 _aRyan, John
_92955
942 _cBK